| 000 | 01410nam a22003017a 4500 | ||
|---|---|---|---|
| 001 | 4653 | ||
| 003 | FISKH | ||
| 005 | 20240919090115.0 | ||
| 008 | 240919b cb ||||| |||| 00| 0 eng d | ||
| 040 |
_aFISKH _bKhmer _cFISKH _dFISKH |
||
| 050 | _aPZ7 | ||
| 082 | _a800 | ||
| 100 |
_aReaksmey, Am _eauthor |
||
| 245 |
_aតើគោនៅឯណា ? / _cby Am Reaksmey |
||
| 250 | _aបោះពុម្ពលើកទី១ខែកក្កដាឆ្នាំ២០០៧ | ||
| 260 |
_aភ្នំពេញ : _bកិច្ចសហប្រតិបត្តិការអភិវឌ្ឍន៍ប៊ែលហ្ស៊ិក ; _c២០០៧ . |
||
| 300 |
_a8 pages : _bcolor illustrations ; _c25 cm . |
||
| 505 | _aC | ||
| 520 | _aខ្ញុំមានគោមួយឈ្មោះអាត្នោត។តែខ្ញុំមិនដឺងវាទៅណាទេ ។ ខ្ញុំរកវាគ្រប់ទីកន្លែងនៅតែមិនឃើញ ។ | ||
| 520 | _aI have a cow named Ah Tnoat. But I do not know where it goes. I find it everywhere, still not found. | ||
| 521 | 8 |
_a100
_bLexile estimate |
|
| 521 | 8 |
_aC
_bRaz-Plus |
|
| 650 |
_aអាត្នោត _vរឿងនិទានកុមារ |
||
| 650 |
_aAh thoat _vchildren's stories |
||
| 700 |
_aRotha, Ouk _eillustrator |
||
| 942 |
_2ddc _cKHB _n0 |
||
| 999 |
_c4653 _d4653 |
||